Plan i rynok: dialektika sočetanija.
Regulovaný trh u niektorých západných ekonómov a problém vzťahu administratívneho a ekonomického pôsobenia na trh. Úlohy nového systému plánovania (štátne objednávky a i.). Integrácia plánu a trhu v technológii plánovania. Kontrolná funkcia trhu vo vzťahu k plánu. Problém stability a prechodu k trho...
Salvato in:
| Autore principale: | |
|---|---|
| Natura: | Capitolo di libro |
| Lingua: | russo |
| Soggetti: | |
| Tags: |
Nessun Tag, puoi essere il primo ad aggiungerne!!
|
MARC
| LEADER | 00000naa a2200000 4500 | ||
|---|---|---|---|
| 001 | r003555 | ||
| 005 | 20221130103805.3 | ||
| 041 | 0 | |a rus | |
| 044 | |a [SU] | ||
| 245 | 1 | 0 | |a Plan i rynok: dialektika sočetanija. |c V. Ivančenko |
| 520 | |a Regulovaný trh u niektorých západných ekonómov a problém vzťahu administratívneho a ekonomického pôsobenia na trh. Úlohy nového systému plánovania (štátne objednávky a i.). Integrácia plánu a trhu v technológii plánovania. Kontrolná funkcia trhu vo vzťahu k plánu. Problém stability a prechodu k trhovému hospodárstvu v ZSSR. | ||
| 610 | 2 | 0 | |a trh |
| 610 | 2 | 0 | |a plán |
| 610 | 2 | 0 | |a regulácia trhu |
| 610 | 2 | 0 | |a plánovanie |
| 610 | 2 | 0 | |a hospodárstvo trhové |
| 610 | 2 | 0 | |a stabilita hospodárstva |
| 610 | 2 | 0 | |a ZSSR |
| 100 | 1 | |a Ivančenko, V. | |